| 000 | 01532nam a22001577a 4500 | ||
|---|---|---|---|
| 003 | NUST | ||
| 005 | 20221110105856.0 | ||
| 020 | _a9789698232504 | ||
| 082 | _a333.7932,JAF | ||
| 100 |
_aJaffry, Qaim Raza _9102480 |
||
| 245 |
_aExploring Econnomic : _bA practical handbook on fundamental concepts of economics with comprehensive glossary / _cQaim Raza Jaffry, |
||
| 260 |
_aIzharsons _bLahore _c2017 |
||
| 505 | _aIntroduction (Page-1), Micro and marco econmics (Page-4), Basic problems of economics (Page-5), Islamic economics system (Page-6), Capitalism (Page-9), Socialism (Page-14), Mixed economy (Page-16), Law of diminishing marginal (Page-17), Law of eui marginal (Page-21), Concept of demand (Page-23), Elasticity of demand (Page-27), Concept of consumer (Page-30), Concept of supply (Page-35), Market mechanism (Page-40), Equilibrium (Page-42), Theory of production (Page-43), Rent (Page-45), Wages (Page-46), Profit (Page-48), Concept of internest (Page-50), Income (Page-54), Trade cycle (Page-56), Inflation (Page-58), Taxation (Page-60), Public debt (Page-63), Fiscal policy (Page-65), Monetary policy (Page-66), Internatonal trade (Page-67), Appraisal of Pakistan (Page-70), Balance of payments (Page-71), Trands in exports (Page-73), Export promation (Page-76), Currency war (Page-78), Types of foreign loans (Page-80), Sources of foreign loans to Pakistan (Page-81), Economic development (Page-87), Vicious circle of poverty (Page-89), | ||
| 650 |
_aonomics with comprehensive glossary _9102481 |
||
| 942 |
_2ddc _cBK |
||
| 999 |
_c592273 _d592273 |
||